LEADER 00453nab a2200145 i 4500 001 000000288531 003 CaOOAMICUS 005 20160127000000.0 008 160127n xx uu u0 0und r 013 $a42663 040 $aSeMil$bita 245 12$aA te, Felice. - [1] p. manoscritta. 500 $a[6 Dicembre 1915?]. 773 0 $t[1916-1921].$d[Milano] : [s.n.], 1916-1921.$w()115014 996 $6245$aA te, Felice. - [1] p. manoscritta.$9(OLS)http://semarc/title/368276 LEADER 01139nam a2200289 i 4500 001 000000159928 003 CaOOAMICUS 005 20260323145753.0 008 070307s1985 it u000 u ita u 020 $a88-18-27002-8 040 $aSeMil$bita 100 1 $aGraziosi, Dante <1915-1992>.$0(OLS)http://semarc/name/42066 245 10$aVengo dall'aldilą /$cDante Graziosi ; presentazione di Arnaldo Forlani. 264 1$aMilano :$bRusconi,$c1985. 300 $a126 p. ;$c22 cm. 490 1 $aPamphlet 650 4$aUnione Sovietica - Descrizioni e viaggi.$0(OLS)http://semarc/subject/17285 700 1 $aForlani, Arnaldo,$d<1925-2023>.$0(OLS)http://semarc/name/21313 830 0$aPamphlet.$0(OLS)http://semarc/title/420054 850 $aSeMil 852 $aSeMil$W1$xVenegono$y1$m4Y III 204$j268847$B111446$CSeMilBibl$Z2$F121210 $81 941 1 $a3 961 $aLascito: Colombo Card. Giovanni 996 $6020$a88-18-27002-8$9(OLS)http://semarc/number/75609 996 $6245$aVengo dall'aldilą$9(OLS)http://semarc/title/142275 996 $6264$aMilano :$bRusconi$9(OLS)http://semarc/publisher/30258